| 000 | 00798nam a2200205 a 4500 | ||
|---|---|---|---|
| 001 | 000022481 | ||
| 005 | 20200930021632.0 | ||
| 008 | 101012s1996 dr c r 000 0 spa d | ||
| 040 |
_aDO-SdBNP _bspa _cBNPHU |
||
| 082 |
_a796.325 _bG633v |
||
| 100 | 1 |
_aGómez Villalón, Freddy _918712 |
|
| 245 | 1 | 4 |
_aLos voleibolistas del año1945-1994 : _bapuntes para su historia / _cFreddy Gómez Villalón, Milton S. Pinedo S. ; prólogo Diego de Moya Canaán. |
| 260 |
_aSanto Domingo : _bBanco Central, _c1996. |
||
| 300 |
_a127 p. : _bretr. ; _c22 cm. |
||
| 500 | _aIncluye datos biográficos de lo autores en la solapa de la cubierta | ||
| 590 | _aInventariado, 2018/BT | ||
| 700 | 1 |
_aPinedo S., Milton S. _946324 |
|
| 700 | 1 |
_aMoya, Diego de, _epról. _946325 |
|
| 910 | _aValidado. Control de calidad. MFF | ||
| 999 |
_c21979 _d21979 |
||